[Event "?"]
[Site "?"]
[Date "2011.06.03"]
[Round "4.38"]
[White "Giugno, Carmelo"]
[Black "Ziegler, Michael"]
[Result "0-1"]
[WhiteElo "1517"]
[BlackElo "1626"]
[PlyCount "86"]
[EventDate "2011.??.??"]

1. d4 Nf6 2. c4 d6 3. Nc3 g6 4. Nf3 Bg7 5. Bg5 O-O 6. Qd2 Bg4 7. Bh6 Bxf3 8.
Bxg7 Kxg7 9. exf3 Nbd7 10. f4 Re8 11. Be2 e5 12. O-O e4 13. g4 Ng8 14. d5 Qe7
15. Qd4+ Qf6 16. Rad1 Qxd4 17. Rxd4 f5 18. gxf5 gxf5 19. Kh1 Ngf6 20. Rg1+ Kf7
21. Rg5 h6 22. Rxf5 Kg6 23. Rxf6+ Nxf6 24. Nb5 Re7 25. Rd1 a6 26. Nd4 Rg8 27.
Bf1 Nh5 28. f5+ Kf6 29. b4 Reg7 30. Ne2 Kxf5 31. Bh3+ Ke5 32. a4 Rf8 33. Ng3
Nxg3+ 34. fxg3 e3 35. Re1 Kd4 36. c5 Rf2 37. c6 bxc6 38. dxc6 Kd3 39. b5 Rb2
40. Kg1 e2 41. Bf5+ Ke3 42. g4 axb5 43. axb5 Rxb5 0-1

[Event "?"]
[Site "?"]
[Date "2011.06.03"]
[Round "4.39"]
[White "Mejerski, Stephan"]
[Black "Maisch, Johannes"]
[Result "1/2-1/2"]
[WhiteElo "1619"]
[BlackElo "1306"]
[PlyCount "46"]
[EventDate "2011.??.??"]

1. e4 c5 2. Nf3 d6 3. Bc4 Nf6 4. d3 g6 5. O-O Bg7 6. Nc3 O-O 7. d4 cxd4 8. Nxd4
Bd7 9. Re1 Nc6 10. Nxc6 Bxc6 11. Nd5 Rc8 12. Nxf6+ Bxf6 13. Bd3 a6 14. c3 Re8
15. Rb1 Qc7 16. Bf4 e5 17. Be3 d5 18. Qf3 Qd6 19. Rbd1 Bg7 20. exd5 Qxd5 21.
Qxd5 Bxd5 22. Bb1 Bc6 23. Rd2 Rcd8 1/2-1/2

[Event "?"]
[Site "?"]
[Date "2011.06.03"]
[Round "4.40"]
[White "Reichert, Ferdinand"]
[Black "Steinmassl, Guido"]
[Result "1/2-1/2"]
[WhiteElo "1494"]
[BlackElo "1615"]
[PlyCount "32"]
[EventDate "2011.??.??"]

1. e4 c5 2. f4 Nc6 3. Nf3 d6 4. Bc4 e6 5. O-O Nge7 6. Nc3 Bd7 7. d4 Na5 8. Bb3
c4 9. Ba4 Bxa4 10. Nxa4 Qd7 11. Nc3 b5 12. Qe1 Nb7 13. Be3 f6 14. Rd1 d5 15. e5
f5 16. Qe2 g6 1/2-1/2

[Event "?"]
[Site "?"]
[Date "2011.06.03"]
[Round "4.42"]
[White "Lin, Jean-Claude"]
[Black "Wurm, Frank"]
[Result "0-1"]
[WhiteElo "1348"]
[BlackElo "1614"]
[PlyCount "80"]
[EventDate "2011.??.??"]

1. e4 e5 2. d4 exd4 3. c3 dxc3 4. Bc4 Qf6 5. Nf3 Bb4 6. O-O cxb2 7. e5 bxa1=Q
8. exf6 Qxf6 9. Bg5 Qd6 10. Qe2+ Ne7 11. Rd1 Qb6 12. Ne5 f6 13. Qh5+ g6 14.
Bf7+ Kd8 15. Qh6 Nf5 16. Qh3 Ne7 17. Bxg6 fxe5 18. Bf7 h6 19. Bh4 Rh7 20. Qf5
Rg7 21. Be6 Ke8 22. Qh5+ Ng6 23. Bf5 Kf7 24. Rd5 Be7 25. Bg3 d6 26. Bxc8 Qxb1+
27. Rd1 Qb2 28. Qf5+ Kg8 29. Be6+ Kh8 30. Qh5 Kh7 31. Bf5 Nc6 32. f4 e4 33.
Bxe4 Qb6+ 34. Bf2 Qa5 35. f5 Rag8 36. Be3 Kh8 37. fxg6 Qxh5 38. Rd5 Qxd5 39.
Bxd5 Rxg6 40. g3 Rf8 0-1

[Event "?"]
[Site "?"]
[Date "2011.06.03"]
[Round "4.43"]
[White "Awiszus, Thomas"]
[Black "Schmidt, Armin"]
[Result "1/2-1/2"]
[WhiteElo "1613"]
[BlackElo "1578"]
[PlyCount "132"]
[EventDate "2011.??.??"]

1. Nf3 Nf6 2. c4 g6 3. d4 Bg7 4. Nc3 O-O 5. e4 d6 6. g3 c6 7. Bg2 Nbd7 8. O-O
e5 9. d5 Nc5 10. Qc2 cxd5 11. cxd5 Qa5 12. Nd2 Bd7 13. Nc4 Qc7 14. Qe2 b5 15.
Nd2 b4 16. Nd1 Rab8 17. b3 a5 18. Bb2 a4 19. Qe3 Ng4 20. Qe2 a3 21. Bc1 Nf6 22.
Nc4 Bb5 23. Qc2 Rfc8 24. Nde3 Ncd7 25. Bd2 Ba6 26. Rfc1 Bh6 27. Bf1 Bxe3 28.
Nxe3 Qxc2 29. Rxc2 Bxf1 30. Rxc8+ Rxc8 31. Kxf1 Rb8 32. f3 Nc5 33. Ke2 h5 34.
Nc4 Ne8 35. Ke3 f5 36. Rg1 fxe4 37. fxe4 Na6 38. g4 hxg4 39. Rxg4 Kh7 40. Kf3
Rb7 41. Ke2 Rf7 42. Rg3 Kg7 43. Bg5 Nc5 44. Rf3 Nxe4 45. Rxf7+ Kxf7 46. Bd2
Nxd2 47. Kxd2 Ke7 48. Kd3 Nf6 49. Ne3 Kd7 50. Kc4 Kc7 51. Kxb4 Kb6 52. Kc4 Ne4
53. Nc2 g5 54. Nxa3 Nd2+ 55. Kd3 Nf3 56. b4 Nxh2 57. Nc4+ Kc7 58. a4 g4 59. Ne3
g3 60. Ke2 e4 61. Nf5 Ng4 62. Nxg3 Nf6 63. b5 Kb6 64. Ke3 Nxd5+ 65. Kd4 Nc7 66.
Nxe4 Nxb5+ 1/2-1/2

[Event "?"]
[Site "?"]
[Date "2011.06.03"]
[Round "4.44"]
[White "Samietz, Jannick"]
[Black "Stoll, Katja"]
[Result "1-0"]
[WhiteElo "1581"]
[BlackElo "1564"]
[PlyCount "109"]
[EventDate "2011.??.??"]

1. Nf3 Nf6 2. d4 d5 3. c4 c6 4. Nc3 e6 5. Bf4 Nbd7 6. e3 Be7 7. Bd3 dxc4 8.
Bxc4 b5 9. Bb3 a6 10. O-O Bb7 11. e4 b4 12. e5 Nh5 13. Ne2 Nxf4 14. Nxf4 Nb6
15. Bxe6 O-O 16. Bb3 c5 17. dxc5 Bxc5 18. e6 Qf6 19. exf7+ Rxf7 20. Bxf7+ Qxf7
21. Nd3 Rd8 22. Nfe5 Qd5 23. Nf4 Bxf2+ 24. Kh1 Qxd1 25. Raxd1 Bh4 26. Rxd8+
Bxd8 27. Ne6 Bf6 28. Nd3 a5 29. Ndc5 Bd5 30. b3 a4 31. Nf4 axb3 32. Nxd5 Nxd5
33. axb3 Kf7 34. Ne4 Ke6 35. Nxf6 Nxf6 36. g4 Ke5 37. g5 Ne4 38. Rf7 Nxg5 39.
Rxg7 Kf6 40. Rb7 Ke6 41. Rxb4 Kd6 42. Rg4 Ne6 43. Rh4 Nc5 44. b4 Nb3 45. Rxh7
Kc6 46. Rh5 Nd4 47. Rc5+ Kd6 48. h4 Ke6 49. Kg2 Kf6 50. b5 Nb3 51. Rc6+ Kg7 52.
b6 Na5 53. Rc7+ Kh6 54. b7 Nxb7 55. Rxb7 1-0

[Event "?"]
[Site "?"]
[Date "2011.06.03"]
[Round "4.45"]
[White "Mayer, Dietmar"]
[Black "Weis, Olga"]
[Result "0-1"]
[WhiteElo "1785"]
[BlackElo "1541"]
[PlyCount "64"]
[EventDate "2011.??.??"]

1. d4 d5 2. Nf3 Nf6 3. Bf4 Bf5 4. e3 e6 5. c4 c6 6. Nc3 Bb4 7. Qb3 Bxc3+ 8.
bxc3 Qb6 9. c5 Qxb3 10. axb3 Nbd7 11. b4 O-O 12. b5 Rfe8 13. h3 h6 14. Be2 g5
15. Be5 Ne4 16. c4 f6 17. Bh2 Nc3 18. bxc6 bxc6 19. cxd5 exd5 20. Ba6 Re6 21.
Bb7 Rae8 22. Rxa7 Nb5 23. Ra6 Nb8 24. Bxb8 Rxb8 25. Bxc6 Nc7 26. Rb6 Rxb6 27.
cxb6 Rxc6 28. bxc7 Rc1+ 29. Kd2 Rxh1 30. Ne1 Kf7 31. Nc2 Rb1 32. g4 Bc8 0-1

[Event "?"]
[Site "?"]
[Date "2011.06.03"]
[Round "4.46"]
[White "Kalwei, Reinhard"]
[Black "Körber, Christian"]
[Result "1/2-1/2"]
[WhiteElo "1531"]
[BlackElo "1728"]
[PlyCount "33"]
[EventDate "2011.??.??"]

1. e4 d5 2. exd5 Qxd5 3. Nc3 Qa5 4. Bc4 Nf6 5. Nf3 Bg4 6. h3 Bh5 7. O-O e6 8.
d4 Be7 9. Bd2 c6 10. Ne2 Qc7 11. Ng3 Bg6 12. Nh4 Nd5 13. Nxg6 hxg6 14. a3 Nd7
15. Ba2 N7f6 16. c4 Nb6 17. Ba5 1/2-1/2

[Event "?"]
[Site "?"]
[Date "2011.06.03"]
[Round "4.47"]
[White "Trobonjaca, Milos"]
[Black "Grözinger, Werner"]
[Result "1-0"]
[WhiteElo "1647"]
[BlackElo "1417"]
[PlyCount "103"]
[EventDate "2011.??.??"]

1. d4 e6 2. e4 g6 3. c4 Bg7 4. e5 b6 5. Nf3 Bb7 6. Bg5 Ne7 7. Nbd2 h6 8. Bh4 c6
9. Ne4 g5 10. Bg3 O-O 11. Qc2 Nf5 12. O-O-O a5 13. h4 g4 14. Nfd2 Nxd4 15. Qd3
c5 16. Nd6 Bc6 17. f3 gxf3 18. gxf3 Na6 19. a3 Rb8 20. Rg1 f6 21. Be2 f5 22.
Bf2 Nxe2+ 23. Qxe2 Kh7 24. f4 Rg8 25. Qh5 Qe7 26. Qg6+ Kh8 27. Nf7+ Qxf7 28.
Qxf7 Rbf8 29. Qh5 Nc7 30. Nf3 Bxf3 31. Rxg7 Rxg7 32. Qxf3 Ne8 33. Rg1 Rxg1+ 34.
Bxg1 Rg8 35. Bf2 Rg4 36. Kb1 Ng7 37. Qb7 Rxf4 38. Be3 Rxc4 39. Qxd7 Rxh4 40.
Qb7 f4 41. Qe4 Nf5 42. Bxf4 Kg7 43. Qg2+ Kh7 44. Bd2 c4 45. Qb7+ Kg6 46. Qxb6
Nd4 47. Bxa5 Rh1+ 48. Ka2 Nb3 49. Qxe6+ Kg5 50. Bd8+ Kf4 51. Qxc4+ Kxe5 52.
Qxb3 1-0

[Event "?"]
[Site "?"]
[Date "2011.06.03"]
[Round "4.48"]
[White "Wunder, Anton"]
[Black "Kruck, Mathias"]
[Result "1-0"]
[WhiteElo "1423"]
[BlackElo "1545"]
[PlyCount "117"]
[EventDate "2011.??.??"]

1. d4 d5 2. c4 c6 3. Nc3 Nf6 4. e3 Bf5 5. Nf3 Nbd7 6. Bd2 Qc7 7. Rc1 Rc8 8.
cxd5 Qb8 9. dxc6 bxc6 10. Qb3 Qxb3 11. axb3 Nb6 12. Be2 e6 13. O-O Bd6 14. h3
O-O 15. Nh4 Be4 16. Nf3 Bd5 17. Nxd5 Nbxd5 18. Bd3 Nb4 19. Bxb4 Bxb4 20. Ne5 c5
21. dxc5 Bxc5 22. Rc2 Bd6 23. Rxc8 Rxc8 24. Nc4 Bb4 25. Rd1 g6 26. f3 Bc5 27.
Kf1 Nd5 28. Ke2 f5 29. f4 Rb8 30. Bc2 Nb4 31. Kd2 Rd8+ 32. Kc1 Rxd1+ 33. Kxd1
Kf8 34. Kd2 Ke7 35. Bb1 Nd5 36. g3 Bb4+ 37. Ke2 Kf6 38. Ne5 Bd6 39. Nc4 Bc5 40.
e4 fxe4 41. Bxe4 Nb4 42. Bb1 Bd4 43. Kf3 Bc5 44. g4 h6 45. Ne5 Bd4 46. Nxg6
Bxb2 47. Nh4 Nc6 48. Ba2 a5 49. f5 e5 50. Ng2 Bc1 51. Ke4 Nd4 52. Ne3 Bxe3 53.
Kxe3 Nc6 54. Ke4 Kg5 55. Kf3 Kf6 56. Ke4 Kg5 57. Kd5 Nb4+ 58. Ke6 Nc6 59. f6
1-0

[Event "?"]
[Site "?"]
[Date "2011.06.03"]
[Round "4.50"]
[White "Lebeda, Lukas"]
[Black "Florio, Antonio"]
[Result "1-0"]
[WhiteElo "1681"]
[BlackElo "1771"]
[PlyCount "67"]
[EventDate "2011.??.??"]

1. c4 e5 2. Nc3 g6 3. Nf3 d6 4. d4 f6 5. dxe5 fxe5 6. Bg5 Be7 7. Bxe7 Nxe7 8.
e3 Nbc6 9. Be2 Bf5 10. O-O Qd7 11. Nd5 O-O 12. Rc1 Rad8 13. Nxe7+ Qxe7 14. c5
e4 15. Nd4 Nxd4 16. Qxd4 c6 17. cxd6 Rxd6 18. Bc4+ Be6 19. Qxe4 Qf6 20. Rcd1
Bxc4 21. Qxc4+ Kg7 22. Rxd6 Qxd6 23. Qc3+ Qf6 24. Qxf6+ Rxf6 25. Rd1 Rf7 26. f3
Re7 27. e4 a5 28. Kf2 Kf6 29. Ke3 g5 30. g3 Rc7 31. Rd6+ Kg7 32. f4 gxf4+ 33.
gxf4 b5 34. e5 1-0

[Event "?"]
[Site "?"]
[Date "2011.06.03"]
[Round "5.1"]
[White "Winkler, Tim"]
[Black "Pelezki, Sergej"]
[Result "0-1"]
[WhiteElo "1814"]
[BlackElo "1897"]
[PlyCount "48"]
[EventDate "2011.??.??"]

1. e4 e5 2. Nf3 Nc6 3. Bc4 Nf6 4. d3 Be7 5. Nc3 O-O 6. h3 d6 7. Be3 Na5 8. Bb3
Nxb3 9. axb3 a6 10. O-O Re8 11. d4 exd4 12. Bxd4 Bd7 13. e5 dxe5 14. Bxe5 Bf5
15. Rc1 Nd7 16. Bg3 c6 17. Ne2 Bf6 18. Nfd4 Be4 19. f3 Bg6 20. Bf2 c5 21. Nf4
cxd4 22. Nxg6 hxg6 23. Bxd4 Bxd4+ 24. Qxd4 Qb6 0-1

[Event "?"]
[Site "?"]
[Date "2011.06.03"]
[Round "5.2"]
[White "Haug, Siegmund"]
[Black "Rieder, Josef"]
[Result "1-0"]
[WhiteElo "1894"]
[BlackElo "1851"]
[PlyCount "99"]
[EventDate "2011.??.??"]

1. d4 d5 2. Nf3 Nf6 3. Bg5 e6 4. Nbd2 c5 5. e3 Nc6 6. c3 Be7 7. Bd3 h6 8. Bh4
c4 9. Bc2 Qc7 10. Qe2 O-O 11. O-O e5 12. dxe5 Nxe5 13. Nxe5 Qxe5 14. Bg3 Qe6
15. e4 Nxe4 16. Nxe4 dxe4 17. Qxe4 f5 18. Qxe6+ Bxe6 19. Rfe1 Kf7 20. Be5 Bf6
21. Bd6 Rfd8 22. Rad1 b5 23. Bc5 a6 24. Bb6 Rd7 25. Rxd7+ Bxd7 26. Bd1 Bc6 27.
Bc2 g6 28. Rd1 Re8 29. Kf1 Re6 30. Be3 h5 31. a4 bxa4 32. Ra1 Rd6 33. Bxa4 Bb5
34. Bxb5 axb5 35. Ra7+ Ke6 36. Rb7 Rd5 37. Rb6+ Kf7 38. Ke2 g5 39. f4 g4 40.
Rb7+ Kg6 41. Rc7 Bg7 42. Rc6+ Kh7 43. g3 Bf8 44. Bd4 Bd6 45. Rc8 Kg6 46. Rg8+
Kh6 47. Rd8 h4 48. Be5 hxg3 49. hxg3 Rd3 50. Rxd6+ 1-0

[Event "?"]
[Site "?"]
[Date "2011.06.03"]
[Round "5.3"]
[White "Schömbs, Oliver"]
[Black "Ruff, Robert"]
[Result "1-0"]
[WhiteElo "1884"]
[BlackElo "1785"]
[PlyCount "118"]
[EventDate "2011.??.??"]

1. e4 e6 2. d4 d5 3. Nc3 Bb4 4. e5 c5 5. a3 Bxc3+ 6. bxc3 Ne7 7. Be2 Nbc6 8.
Nf3 Qa5 9. O-O c4 10. Qd2 Bd7 11. a4 f6 12. Ba3 O-O-O 13. Rfb1 Ng6 14. Bd6 Qa6
15. Rb2 Nce7 16. g4 Rde8 17. a5 Rhg8 18. Rab1 Bc6 19. exf6 gxf6 20. Qh6 Qxa5
21. Qxh7 Qd8 22. Bg3 Ref8 23. Qh6 f5 24. Qe3 Qd7 25. Ne5 Nxe5 26. Qxe5 Kd8 27.
Qb8+ Qc8 28. Qxa7 Ke8 29. Rxb7 Bxb7 30. Rxb7 Nc6 31. Qb6 Rf7 32. Bc7 Qd7 33.
Qc5 Re7 34. Rb6 Qxc7 35. Rxc6 Qd7 36. h3 Kf7 37. Kg2 Qa7 38. Qd6 Qb8 39. Qe5
Qxe5 40. dxe5 Kg6 41. Kg3 Ra8 42. Bf3 Rd8 43. Rb6 fxg4 44. hxg4 Rf8 45. Bxd5
Kg5 46. Bxe6 Rg7 47. Bxc4 Rf4 48. Be2 Re4 49. Re6 Rf7 50. Rg6+ Kxg6 51. Bd3 Rc7
52. Bxe4+ Kg7 53. f4 Rxc3+ 54. Bd3 Rc5 55. Kf3 Ra5 56. Ke4 Ra4+ 57. Kf5 Ra5 58.
Be4 Kf7 59. c4 Rxe5+ 1-0

[Event "?"]
[Site "?"]
[Date "2011.06.03"]
[Round "5.4"]
[White "Malcan, Oener"]
[Black "Paschmann, Stefan"]
[Result "1-0"]
[WhiteElo "1601"]
[BlackElo "1873"]
[PlyCount "64"]
[EventDate "2011.??.??"]

1. Nf3 d5 2. d4 c6 3. Bf4 Nf6 4. e3 Bg4 5. Nbd2 e6 6. h3 Bh5 7. a3 a5 8. c4
dxc4 9. Nxc4 Be7 10. Be2 O-O 11. O-O Ne4 12. Bd3 Ng5 13. Be2 Nxf3+ 14. Bxf3
Bxf3 15. Qxf3 Qd5 16. Qe2 Nd7 17. e4 Qb5 18. a4 Qa6 19. d5 cxd5 20. exd5 Nb6
21. d6 Bf6 22. Rac1 Nxc4 23. Qxc4 Qxc4 24. Rxc4 Rfd8 25. Rd1 Bxb2 26. d7 e5 27.
Be3 Bd4 28. Rc7 Rab8 29. Rdc1 Kf8 30. Bxd4 exd4 31. Rc8 Ke7 32. Rxb8 Rxb8 1-0

[Event "?"]
[Site "?"]
[Date "2011.06.03"]
[Round "5.5"]
[White "Riegel, Frank"]
[Black "Notz, Lukas"]
[Result "1-0"]
[WhiteElo "1872"]
[BlackElo "1445"]
[PlyCount "56"]
[EventDate "2011.??.??"]

1. e4 c6 2. d4 d5 3. Nc3 dxe4 4. Nxe4 Bf5 5. Ng3 Bg6 6. h4 h6 7. Nf3 Nd7 8. h5
Bh7 9. Bd3 Bxd3 10. Qxd3 Ngf6 11. c4 e6 12. Bf4 Qa5+ 13. Nd2 O-O-O 14. a3 e5
15. dxe5 Nxe5 16. Qf5+ Nfd7 17. O-O g5 18. Be3 f6 19. b4 Qc7 20. Nge4 Be7 21.
Bc5 Bxc5 22. Nxc5 Qd6 23. Nde4 Qe7 24. Rad1 Kb8 25. Nxd7+ Nxd7 26. Rd6 Ne5 27.
Re6 Qd7 28. Nxf6 Qf7 1-0

[Event "?"]
[Site "?"]
[Date "2011.06.03"]
[Round "5.6"]
[White "Lebeda, Lukas"]
[Black "Zaytsev, Evgeny"]
[Result "1/2-1/2"]
[WhiteElo "1681"]
[BlackElo "1791"]
[PlyCount "35"]
[EventDate "2011.??.??"]

1. c4 g6 2. Nc3 b6 3. Nf3 Bg7 4. g3 Bb7 5. Bg2 e6 6. d4 Ne7 7. O-O O-O 8. e4 d6
9. b4 c5 10. bxc5 dxc5 11. Be3 Nbc6 12. Ne2 cxd4 13. Nfxd4 Nxd4 14. Bxd4 e5 15.
Bb2 Qxd1 16. Rfxd1 Rfd8 17. Nc3 Nc6 18. Nd5 1/2-1/2

[Event "?"]
[Site "?"]
[Date "2011.06.03"]
[Round "5.7"]
[White "Munk, Werner"]
[Black "Tölg, Wolfgang"]
[Result "1/2-1/2"]
[WhiteElo "1717"]
[BlackElo "1776"]
[PlyCount "94"]
[EventDate "2011.??.??"]

1. Nf3 d5 2. g3 c5 3. Bg2 Nc6 4. O-O e5 5. d3 f5 6. c4 d4 7. e3 Nf6 8. exd4
exd4 9. Bg5 Be7 10. Re1 O-O 11. Na3 h6 12. Bd2 Kh7 13. Nc2 Bd6 14. a3 a5 15. b4
axb4 16. axb4 Rxa1 17. Qxa1 cxb4 18. Ncxd4 Qb6 19. Nb3 Re8 20. d4 Bf8 21. d5
Nb8 22. Rxe8 Nxe8 23. Be3 Qd8 24. Qd4 Qf6 25. Qd1 b6 26. Bd4 Qd8 27. Ne5 Qc7
28. Qh5 Nf6 29. Qf7 Qxf7 30. Nxf7 Kg8 31. Nxh6+ gxh6 32. Bxf6 Nd7 33. Bd4 Nc5
34. Nd2 Kf7 35. Kf1 Bg7 36. Be3 Bc3 37. Ke2 Bxd2 38. Kxd2 Kg6 39. Bf3 Bd7 40.
Bd1 Be8 41. Bc2 h5 42. h4 Bd7 43. Bd4 Kf7 44. f3 Bc8 45. Be3 Kf6 46. Bd4+ Kf7
47. Be3 Kf6 1/2-1/2

[Event "?"]
[Site "?"]
[Date "2011.06.03"]
[Round "5.8"]
[White "Gheng, Christian"]
[Black "Wohlfahrt, Michael"]
[Result "1/2-1/2"]
[WhiteElo "1679"]
[BlackElo "1761"]
[PlyCount "144"]
[EventDate "2011.??.??"]

1. e4 c5 2. Nf3 Nc6 3. d4 cxd4 4. Nxd4 Nf6 5. Nc3 e5 6. Ndb5 d6 7. Nd5 Nxd5 8.
exd5 Nb8 9. c4 Be7 10. Bd3 a6 11. Nc3 O-O 12. O-O f5 13. b4 Qb6 14. Rb1 Qd4 15.
Be3 Qh4 16. f3 f4 17. Bf2 Qh5 18. c5 Rf6 19. cxd6 Rh6 20. h3 Bxd6 21. h4 g5 22.
Ne4 gxh4 23. Nxd6 Rxd6 24. Qc2 Nd7 25. Bf5 Nb6 26. Qc7 Bxf5 27. Qxd6 Bxb1 28.
Rxb1 Nc4 29. Qc7 b5 30. Qc6 Qe8 31. Qh6 Qg6 32. Qxg6+ hxg6 33. Bxh4 Ra7 34. Rd1
Rd7 35. g3 Ne3 36. Rd2 Nxd5 37. gxf4 exf4 38. Bg5 Kf7 39. Bxf4 Ke6 40. Re2+ Kf5
41. Bd2 Nb6 42. Kf2 Nc4 43. Bh6 g5 44. Bf8 Rd3 45. Bc5 Ne5 46. Be3 g4 47. fxg4+
Nxg4+ 48. Kf3 Ne5+ 49. Kf2 Ke6 50. Rd2 Rxd2+ 51. Bxd2 Kd5 52. Bc3 Nc6 53. Ke3
Kc4 54. Kd2 Nxb4 55. Bxb4 Kxb4 56. Kc2 Kc4 57. Kb2 b4 58. Kc2 a5 59. Kb2 a4 60.
Kc2 Kd4 61. Kb2 Kd3 62. Kb1 Kc3 63. Kc1 b3 64. Kb1 Kc4 65. axb3+ axb3 66. Kb2
Kb4 67. Kb1 Kc5 68. Kb2 Kc4 69. Kb1 Kb5 70. Kb2 Kb4 71. Kb1 Kc5 72. Kb2 Kc4
1/2-1/2

[Event "?"]
[Site "?"]
[Date "2011.06.03"]
[Round "5.9"]
[White "Wang, Julia"]
[Black "Steimbach, Isabel"]
[Result "0-1"]
[WhiteElo "1719"]
[BlackElo "1556"]
[PlyCount "136"]
[EventDate "2011.??.??"]

1. e4 e5 2. f4 exf4 3. Nf3 Nf6 4. Nc3 d5 5. e5 Nh5 6. Be2 Nc6 7. d4 Be7 8. O-O
g6 9. Ne1 Ng7 10. Bxf4 Be6 11. a3 Nf5 12. Bb5 Qd7 13. Nf3 a6 14. Ba4 h6 15. Ne2
g5 16. Bc1 g4 17. Ne1 h5 18. c3 b5 19. Bc2 h4 20. Nf4 g3 21. h3 O-O-O 22. Nxe6
fxe6 23. a4 b4 24. a5 Na7 25. Ba4 c6 26. Qe2 Kb7 27. Nc2 Qc7 28. Bd2 c5 29.
cxb4 cxb4 30. Bb3 Nb5 31. Rfc1 Qb8 32. Bxb4 Bxb4 33. Nxb4 Nfxd4 34. Qd3 Qxe5
35. Re1 Qd6 36. Nc2 Nxb3 37. Qxb3 Qc5+ 38. Kh1 Rc8 39. Na3 Rhe8 40. Re2 Ka7 41.
Rc2 Nd4 42. Qb6+ Qxb6 43. axb6+ Kxb6 44. Rcc1 Nb3 45. Rxc8 Rxc8 46. Kg1 Rc1+
47. Rxc1 Nxc1 48. Kf1 Nd3 49. Ke2 Nxb2 50. Kf3 Nc4 51. Nc2 e5 52. Kg4 d4 53.
Nb4 e4 54. Kxh4 d3 55. Nd5+ Kc5 56. Nc3 Kd4 57. Nd1 e3 58. Kxg3 e2 59. Nf2 e1=Q
60. h4 Qe3+ 61. Kg4 Qxf2 62. g3 Ne3+ 63. Kg5 Qf5+ 64. Kh6 Ng4+ 65. Kg7 Qf6+ 66.
Kh7 Qf7+ 67. Kh8 Nf6 68. h5 Qh7# 0-1

[Event "?"]
[Site "?"]
[Date "2011.06.03"]
[Round "5.10"]
[White "Duran, Suat"]
[Black "Michna, Marcus"]
[Result "1/2-1/2"]
[WhiteElo "1687"]
[BlackElo "1869"]
[PlyCount "62"]
[EventDate "2011.??.??"]

1. d4 d5 2. Nf3 e6 3. Bf4 c5 4. e3 Qb6 5. Qc1 Nc6 6. c3 Nf6 7. h3 Be7 8. Bd3
O-O 9. O-O Nd7 10. Nbd2 f6 11. Bg3 e5 12. dxe5 Ndxe5 13. Nxe5 Nxe5 14. Bb1 Bd7
15. c4 dxc4 16. Nxc4 Nxc4 17. Qxc4+ Be6 18. Qh4 g6 19. Be4 Rfe8 20. Bf3 f5 21.
Qf4 Rad8 22. Bh4 Bxh4 23. Qxh4 Rd2 24. b3 Red8 25. Rfd1 Qc7 26. Qf6 Rxd1+ 27.
Rxd1 Rxd1+ 28. Bxd1 Qd7 29. Bf3 b6 30. h4 Bf7 31. Qg5 Kh8 1/2-1/2

[Event "?"]
[Site "?"]
[Date "2011.06.03"]
[Round "5.11"]
[White "Wezel, Sebastian"]
[Black "Schmitz, Harald"]
[Result "1-0"]
[WhiteElo "1848"]
[BlackElo "1739"]
[PlyCount "55"]
[EventDate "2011.??.??"]

1. e4 e6 2. d4 d5 3. Nc3 Bb4 4. e5 c5 5. a3 Bxc3+ 6. bxc3 Qc7 7. Nf3 Ne7 8. Bf4
Nbc6 9. Qd2 cxd4 10. cxd4 Bd7 11. h4 Rc8 12. Bd3 Na5 13. h5 Qc3 14. Qxc3 Rxc3
15. Bd2 Rxd3 16. cxd3 Nb3 17. Rb1 Nxd2 18. Kxd2 Bc6 19. g4 h6 20. Nh4 Kd7 21.
f4 Rc8 22. f5 exf5 23. gxf5 b6 24. Rhg1 Rg8 25. Rg3 Ke8 26. Rbg1 Kf8 27. f6
gxf6 28. exf6 1-0

[Event "?"]
[Site "?"]
[Date "2011.06.03"]
[Round "5.12"]
[White "Werner, Stefan"]
[Black "Rühl, Volker"]
[Result "1/2-1/2"]
[WhiteElo "1707"]
[BlackElo "1837"]
[PlyCount "74"]
[EventDate "2011.??.??"]

1. e4 e5 2. Nf3 Nc6 3. Bc4 Be7 4. d4 d6 5. Be3 Nf6 6. Nbd2 Bg4 7. c3 O-O 8. h3
Bh5 9. g4 Bg6 10. Bd3 exd4 11. cxd4 d5 12. Bb5 Nxe4 13. Bxc6 bxc6 14. Ne5 Bd6
15. Ndf3 Bb4+ 16. Kf1 c5 17. Nc6 Qd6 18. Nxb4 cxb4 19. Rc1 f6 20. Kg2 a5 21.
Nd2 f5 22. Nxe4 dxe4 23. d5 Rfd8 24. Rc6 Qxc6 25. dxc6 Rxd1 26. Rxd1 fxg4 27.
hxg4 Be8 28. Rc1 Ra6 29. Bf4 Bxc6 30. Bxc7 e3+ 31. f3 Bd5 32. Re1 Rc6 33. Bxa5
Rc2+ 34. Kg3 e2 35. Kf2 Bc4 36. Bxb4 Rxb2 37. a3 Kf7 1/2-1/2

[Event "?"]
[Site "?"]
[Date "2011.06.03"]
[Round "5.13"]
[White "Ostertag, Stephan"]
[Black "Hartmann, Anatoli"]
[Result "1-0"]
[WhiteElo "1835"]
[BlackElo "1697"]
[PlyCount "83"]
[EventDate "2011.??.??"]

1. e4 e6 2. d4 c6 3. Be3 d5 4. Nd2 Nd7 5. Bd3 dxe4 6. Nxe4 Ngf6 7. Bg5 Qa5+ 8.
Bd2 Qb6 9. Nf3 Qxb2 10. O-O Qb6 11. Re1 Be7 12. Neg5 h6 13. Nh3 Qc7 14. Nf4 Nb6
15. c4 Bd7 16. Ne5 Rg8 17. Qf3 Bc8 18. Ba5 Qb8 19. Rab1 Bd7 20. Bxb6 axb6 21.
Rxb6 Bd8 22. Rb2 Qc7 23. c5 Be7 24. Bc4 Rf8 25. Rbe2 Nd5 26. Bxd5 cxd5 27. Nxd5
Qd8 28. Nxe7 Qxe7 29. Qxb7 Rd8 30. Nc4 Qf6 31. d5 Rh8 32. c6 Kf8 33. cxd7 Kg8
34. dxe6 fxe6 35. Rxe6 Qf5 36. Re8+ Kh7 37. Rxh8+ Rxh8 38. Qe4 Qxe4 39. Rxe4
Rd8 40. Rd4 Kg8 41. Ne5 Kf8 42. Nc6 1-0

[Event "?"]
[Site "?"]
[Date "2011.06.03"]
[Round "5.14"]
[White "Bauer, Dieter"]
[Black "Burkhardt, Adrian"]
[Result "1/2-1/2"]
[WhiteElo "1789"]
[BlackElo "1714"]
[PlyCount "67"]
[EventDate "2011.??.??"]

1. c4 e6 2. g3 Nf6 3. Bg2 d5 4. e3 Be7 5. b3 O-O 6. Nf3 Nbd7 7. Bb2 Rb8 8. Nc3
c6 9. d3 Nc5 10. O-O Re8 11. Ne2 b6 12. Ne5 Bb7 13. Qc2 Ncd7 14. Nf3 c5 15.
Rad1 Qc7 16. Nc3 a6 17. cxd5 Nxd5 18. Nxd5 Bxd5 19. e4 Bb7 20. d4 Nf6 21. Ne5
Bd6 22. Rc1 Bxe5 23. dxe5 Nd7 24. f4 Rbc8 25. Rfd1 Nb8 26. Qf2 Red8 27. f5 exf5
28. Qxf5 Rxd1+ 29. Rxd1 Rd8 30. Rf1 Bc8 31. Qg5 Be6 32. h4 Nc6 33. h5 h6 34.
Qf4 1/2-1/2

[Event "?"]
[Site "?"]
[Date "2011.06.03"]
[Round "5.15"]
[White "Büchele, Markus"]
[Black "Martin, Richard"]
[Result "1/2-1/2"]
[WhiteElo "1783"]
[BlackElo "1686"]
[PlyCount "86"]
[EventDate "2011.??.??"]

1. d4 d5 2. Nf3 Nf6 3. e3 Bf5 4. c4 c6 5. Nc3 e6 6. cxd5 exd5 7. a3 Bd6 8. b4
a6 9. Na4 Nbd7 10. Bb2 a5 11. Nc5 Qb8 12. h3 axb4 13. Nxd7 Bxd7 14. a4 b6 15.
Be2 O-O 16. O-O Ra5 17. Qb3 Qb7 18. Nd2 Rfa8 19. e4 Nxe4 20. Nxe4 dxe4 21. Bc4
Rf8 22. f4 Kh8 23. Rae1 f5 24. Qg3 Be8 25. Bb3 Bf7 26. Bc2 Bd5 27. Qe3 Qf7 28.
g4 g6 29. Rc1 b3 30. Bxb3 Bxb3 31. d5+ Kg8 32. Qxb3 Bc5+ 33. Rxc5 Rxc5 34. Ba3
cxd5 35. Bxc5 bxc5 36. a5 d4 37. Qb6 Qd5 38. a6 d3 39. a7 d2 40. Rd1 e3 41. Qb5
fxg4 42. hxg4 Rxf4 43. Qe8+ Rf8 1/2-1/2

[Event "?"]
[Site "?"]
[Date "2011.06.03"]
[Round "5.16"]
[White "Häfele, Torsten"]
[Black "Uhlarz, Jörg"]
[Result "1-0"]
[WhiteElo "1574"]
[BlackElo "1775"]
[PlyCount "89"]
[EventDate "2011.??.??"]

1. e4 e5 2. Nf3 Nc6 3. d4 exd4 4. Bc4 Be7 5. Nxd4 Ne5 6. Bb3 Nf6 7. Nf5 O-O 8.
Nxe7+ Qxe7 9. Nc3 d6 10. O-O a5 11. Bg5 Be6 12. Qe2 c6 13. Kh1 h6 14. Bh4 b5
15. f4 Nc4 16. e5 a4 17. exf6 gxf6 18. Bxc4 bxc4 19. f5 Qd7 20. fxe6 fxe6 21.
Qg4+ Kh7 22. Rxf6 Rxf6 23. Bxf6 Rg8 24. Qe4+ Rg6 25. Rf1 d5 26. Qf3 d4 27. Be5
dxc3 28. Qf7+ Qxf7 29. Rxf7+ Kg8 30. Ra7 cxb2 31. Bxb2 e5 32. Kg1 Re6 33. Rxa4
Kf7 34. Rxc4 Kg6 35. Re4 Kf5 36. Rxe5+ Rxe5 37. Bxe5 Kxe5 38. a4 Kd6 39. Kf2
Kc5 40. Ke3 Kb4 41. Kd3 Kxa4 42. Kc4 Ka3 43. g4 Kb2 44. Kd3 Kc1 45. h4 1-0

[Event "?"]
[Site "?"]
[Date "2011.06.03"]
[Round "5.17"]
[White "Dölker, Kai"]
[Black "Schmidt, Tobias"]
[Result "1-0"]
[WhiteElo "1742"]
[BlackElo "1580"]
[PlyCount "109"]
[EventDate "2011.??.??"]

1. d4 d5 2. c4 dxc4 3. e3 Nf6 4. Bxc4 e6 5. Nf3 c5 6. O-O a6 7. dxc5 Bxc5 8.
Qxd8+ Kxd8 9. Nc3 Ke7 10. Rd1 Rd8 11. Rxd8 Kxd8 12. a3 b5 13. Be2 Nc6 14. b4
Bb6 15. Bb2 Bb7 16. Nd2 Ne7 17. a4 Nc6 18. axb5 Nxb4 19. Na4 Bc7 20. Nc5 Kc8
21. Bxf6 gxf6 22. Nxb7 Kxb7 23. bxa6+ Nxa6 24. Bf3+ Ka7 25. Bxa8 Kxa8 26. Rxa6+
Kb7 27. Ra4 Kc6 28. Rc4+ Kd7 29. Rxc7+ Kxc7 30. Kf1 Kd6 31. Ke2 Ke5 32. Kf3 Kf5
33. e4+ Kg5 34. Kg3 h6 35. f4+ Kh5 36. Nc4 Kg6 37. Nd6 f5 38. exf5+ exf5 39.
Kh3 f6 40. Kg3 h5 41. Kh4 Kh6 42. Nxf5+ Kg6 43. Ne7+ Kf7 44. Kxh5 Kxe7 45. Kg6
Ke6 46. f5+ Ke5 47. h4 Kf4 48. h5 Kg3 49. h6 Kxg2 50. h7 Kg3 51. h8=Q Kg4 52.
Qxf6 Kf4 53. Qe6 Kg4 54. f6+ Kf4 55. f7 1-0